[Event "17th Aeroflot Open-A 2019"]
[Site "Moscow"]
[Date "2019.02.27"]
[Round "9.3"]
[White "Kulaots, Kaido"]
[Black "Khismatullin, Denis"]
[Result "1-0"]
[WhiteElo "2542"]
[BlackElo "2621"]
[Annotator "ChessBase"]
[PlyCount "151"]
[EventDate "2019.02.19"]
[EventCountry "RUS"]
[SourceTitle "playchess.com"]
[Source "ChessBase"]
[SourceQuality "1"]
[TimeControl "40/5400+30:1800+30"]

1. e4 {[%emt 0:00:00]} d6 {[%emt 0:00:00]} 2. d4 {[%emt 0:00:00]} Nf6 {[%emt 0:00:00]} 3. Nc3 {[%emt 0:00:23]} e5 {[%emt 0:00:00]} 4. Nf3 {[%emt 0:02:06]} Nbd7 {[%emt 0:00:09]} 5. Bc4 {[%emt 0:00:16]} Be7 {[%emt 0:00:04]} 6. O-O {[%emt 0:00:25]} O-O {[%emt 0:00:09]} 7. Re1 {[%emt 0:00:54]} c6 {[%emt 0:03:32]} 8. a4 {[%emt 0:01:16]} h6 {[%emt 0:00:05]} 9. h3 {[%emt 0:04:11]} Re8 {[%emt 0:02:02]} 10. Be3 {[%emt 0:03:00]} Qc7 {[%emt 0:04:59]} 11. Ba2 {[%emt 0:03:59]} Nf8 {[%emt 0:10:13]} 12. Nh4 {[%emt 0:09:29]} exd4 {[%emt 0:20:45]} 13. Bxd4 {[%emt 0:00:58]} N6h7 {[%emt 0:04:27]} 14. Nf3 {[%emt 0:09:15]} Be6 {[%emt 0:02:11]} 15. Bxe6 {[%emt 0:01:05]} Nxe6 {[%emt 0:00:57]} 16. Be3 {[%emt 0:00:42]} Bf6 {[%emt 0:01:11]} 17. Qd2 {[%emt 0:05:51]} Nhg5 {[%emt 0:04:44]} 18. Nxg5 {[%emt 0:04:35]} hxg5 {[%emt 0:00:32]} 19. a5 {[%emt 0:09:45]} Qe7 {[%emt 0:06:57]} 20. Rad1 {[%emt 0:04:08]} Be5 {[%emt 0:04:25]} 21. b3 {[%emt 0:01:28]} Qf6 {[%emt 0:06:02]} 22. Ne2 {[%emt 0:01:39]} c5 {[%emt 0:01:16]} 23. Qd3 {[%emt 0:07:40]} Rad8 {[%emt 0:02:50]} 24. Qc4 {[%emt 0:00:39]} Nf4 {[%emt 0:07:33]} 25. Bxf4 {[%emt 0:05:07]} gxf4 {[%emt 0:00:05]} 26. Rd3 {[%emt 0:00:12]} d5 {[%emt 0:06:19]} 27. exd5 {[%emt 0:04:12]} Bc7 {[%emt 0:01:07]} 28. a6 {[%emt 0:15:45]} Rxe2 {[%emt 0:07:11]} 29. Rxe2 {[%emt 0:00:05]} Qa1+ {[%emt 0:00:03]} 30. Kh2 {[%emt 0:00:05]} f3+ {[%emt 0:01:17]} 31. d6 {[%emt 0:00:13]} fxe2 {[%emt 0:01:53]} 32. dxc7 {[%emt 0:00:09]} Qe5+ {[%emt 0:01:18]} 33. f4 {[%emt 0:03:15]} Qxc7 {[%emt 0:01:07]} 34. Rxd8+ {[%emt 0:00:13]} Qxd8 {[%emt 0:00:03]} 35. Qxe2 {[%emt 0:00:10]} bxa6 {[%emt 0:01:09]} 36. Qxa6 {[%emt 0:00:21]} Qd4 {[%emt 0:00:41]} 37. Qc8+ {[%emt 0:01:26]} Kh7 {[%emt 0:00:01]} 38. Qf5+ {[%emt 0:00:08]} Kg8 {[%emt 0:00:59]} 39. Qc8+ {[%emt 0:00:18]} Kh7 {[%emt 0:00:05]} 40. Qf5+ {[%emt 0:00:00]} Kg8 {[%emt 0:00:00]} 41. Qe5 {[%emt 0:01:46]} Qf2 {[%emt 0:07:56]} 42. Qe8+ {[%emt 0:02:27]} Kh7 {[%emt 0:00:04]} 43. Qxf7 {[%emt 0:00:16]} Qxc2 {[%emt 0:00:04]} 44. Qxa7 {[%emt 0:01:24]} Qxb3 {[%emt 0:05:23]} 45. Qxc5 {[%emt 0:00:06]} Qb8 {[%emt 0:00:19]} 46. Kg3 {[%emt 0:01:00]} Qd8 {[%emt 0:02:15]} 47. Qh5+ {[%emt 0:01:00]} Kg8 {[%emt 0:00:02]} 48. Qe5 {[%emt 0:00:32]} Kh7 {[%emt 0:00:18]} 49. Qf5+ {[%emt 0:03:14]} Kg8 {[%emt 0:02:47]} 50. Kg4 {[%emt 0:00:43]} Qd1+ {[%emt 0:01:45]} 51. Kg5 {[%emt 0:01:08]} Qd8+ {[%emt 0:06:41]} 52. Kh5 {[%emt 0:00:23]} Qe8+ {[%emt 0:00:17]} 53. Qg6 {[%emt 0:04:02]} Qe2+ {[%emt 0:00:34]} 54. Kh4 {[%emt 0:02:50]} Qe1+ {[%emt 0:01:41]} 55. g3 {[%emt 0:00:32]} Qe7+ {[%emt 0:01:50]} 56. Qg5 {[%emt 0:00:23]} Qe4 {[%emt 0:01:26]} 57. Qd8+ {[%emt 0:03:39]} Kh7 {[%emt 0:00:02]} 58. Qd6 {[%emt 0:01:12]} Qe1 {[%emt 0:02:25]} 59. f5 {[%emt 0:01:35]} Qf2 {[%emt 0:02:11]} 60. Qe6 {[%emt 0:03:29]} Kh8 {[%emt 0:01:19]} 61. Kg4 {[%emt 0:00:46]} Kh7 {[%emt 0:00:42]} 62. h4 {[%emt 0:00:25]} Kh8 {[%emt 0:00:52]} 63. Qe8+ {[%emt 0:00:54]} Kh7 {[%emt 0:00:01]} 64. Qg6+ {[%emt 0:00:07]} Kh8 {[%emt 0:00:08]} 65. Kh5 {[%emt 0:00:29]} Qe2+ {[%emt 0:01:48]} 66. g4 {[%emt 0:00:09]} Qf3 {[%emt 0:00:31]} 67. Qe6 {[%emt 0:02:59]} Kh7 {[%emt 0:00:16]} 68. Kg5 {[%emt 0:00:10]} Qc3 {[%emt 0:01:01]} 69. Kh5 {[%emt 0:02:16]} Qf3 {[%emt 0:00:23]} 70. Qe5 {[%emt 0:02:51]} Qd3 {[%emt 0:00:38]} 71. Qe8 {[%emt 0:03:38]} Qf3 {[%emt 0:00:15]} 72. Qg6+ {[%emt 0:00:24]} Kh8 {[%emt 0:00:16]} 73. f6 {[%emt 0:01:02]} gxf6 {[%emt 0:01:11]} 74. Qf7 {[%emt 0:02:16]} Qf4 {[%emt 0:00:40]} 75. Qe8+ {[%emt 0:00:09]} Kg7 {[%emt 0:00:27]} 76. Qg6+ {[%emt 0:00:09]} 1-0

[Event "17th Aeroflot Open-A 2019"]
[Site "Moscow"]
[Date "2019.02.27"]
[Round "9.4"]
[White "Sarana, Alexey"]
[Black "Chigaev, Maksim"]
[Result "1/2-1/2"]
[WhiteElo "2630"]
[BlackElo "2613"]
[Annotator "ChessBase"]
[PlyCount "159"]
[EventDate "2019.02.19"]
[EventCountry "RUS"]
[SourceTitle "playchess.com"]
[Source "ChessBase"]
[SourceQuality "1"]
[TimeControl "40/5400+30:1800+30"]

1. d4 {[%emt 0:00:00]} Nf6 {[%emt 0:00:00]} 2. c4 {[%emt 0:00:00]} d6 {[%emt 0:00:00]} 3. Nc3 {[%emt 0:00:00]} g6 {[%emt 0:00:00]} 4. Nf3 {[%emt 0:00:05]} Bg7 {[%emt 0:00:00]} 5. g3 {[%emt 0:00:03]} O-O {[%emt 0:00:00]} 6. Bg2 {[%emt 0:00:03]} c5 {[%emt 0:00:03]} 7. O-O {[%emt 0:00:07]} Nc6 {[%emt 0:00:04]} 8. dxc5 {[%emt 0:00:36]} dxc5 {[%emt 0:00:05]} 9. Be3 {[%emt 0:00:04]} b6 {[%emt 0:00:06]} 10. Qa4 {[%emt 0:10:08]} Bd7 {[%emt 0:02:57]} 11. Qc2 {[%emt 0:08:53]} Rc8 {[%emt 0:18:54]} 12. Rad1 {[%emt 0:01:28]} Ng4 {[%emt 0:02:13]} 13. Bc1 {[%emt 0:08:50]} Nd4 {[%emt 0:00:47]} 14. Qd2 {[%emt 0:01:55]} Bc6 {[%emt 0:08:06]} 15. Qg5 {[%emt 0:04:01]} h5 {[%emt 0:09:15]} 16. Nxd4 {[%emt 0:05:55]} cxd4 {[%emt 0:00:03]} 17. Nd5 {[%emt 0:01:39]} Nf6 {[%emt 0:01:54]} 18. Rxd4 {[%emt 0:08:14]} Bxd5 {[%emt 0:07:37]} 19. cxd5 {[%emt 0:01:01]} Nh7 {[%emt 0:00:05]} 20. Qe3 {[%emt 0:00:30]} Bxd4 {[%emt 0:00:05]} 21. Qxd4 {[%emt 0:00:03]} e5 {[%emt 0:06:54]} 22. Qxe5 {[%emt 0:06:32]} Re8 {[%emt 0:00:17]} 23. Qd4 {[%emt 0:00:38]} Rxe2 {[%emt 0:01:19]} 24. Bd2 {[%emt 0:00:22]} Qf6 {[%emt 0:16:29]} 25. Qd3 {[%emt 0:00:15]} Ree8 {[%emt 0:00:59]} 26. Bh3 {[%emt 0:06:02]} Rcd8 {[%emt 0:01:57]} 27. Bc3 {[%emt 0:01:57]} Qd6 {[%emt 0:01:09]} 28. Qd4 {[%emt 0:00:37]} f6 {[%emt 0:00:01]} 29. Rd1 {[%emt 0:01:34]} Ng5 {[%emt 0:00:51]} 30. Bg2 {[%emt 0:00:05]} Kg7 {[%emt 0:01:54]} 31. a4 {[%emt 0:10:21]} Nf7 {[%emt 0:02:15]} 32. a5 {[%emt 0:01:33]} Ne5 {[%emt 0:08:23]} 33. h3 {[%emt 0:06:44]} Nd7 34. Ra1 Re7 {[%emt 0:04:47]} 35. Qc4 {[%emt 0:02:50]} Ne5 {[%emt 0:02:40]} 36. Qb3 {[%emt 0:03:11]} Nd7 {[%emt 0:00:55]} 37. Qb5 {[%emt 0:01:01]} Nc5 {[%emt 0:00:42]} 38. Rc1 {[%emt 0:03:30]} h4 {[%emt 0:03:06]} 39. gxh4 {[%emt 0:02:02]} Qf4 {[%emt 0:00:01]} 40. Ra1 {[%emt 0:00:00]} Rd6 {[%emt 0:00:00]} 41. axb6 {[%emt 0:05:58]} axb6 {[%emt 0:00:22]} 42. Qb4 {[%emt 0:01:54]} Qxb4 {[%emt 0:04:01]} 43. Bxb4 {[%emt 0:00:30]} Re2 {[%emt 0:01:01]} 44. Bc3 {[%emt 0:04:29]} Ne4 {[%emt 0:01:01]} 45. Ra7+ {[%emt 0:00:40]} Kg8 46. Ra8+ {[%emt 0:03:33]} Kf7 {[%emt 0:01:08]} 47. Ra7+ {[%emt 0:08:50]} Ke8 48. Bd4 {[%emt 0:00:25]} Rxd5 {[%emt 0:06:42]} 49. Bxb6 f5 50. b4 {[%emt 0:02:13]} Rb5 {[%emt 0:14:56]} 51. Bc5 {[%emt 0:00:37]} Kd8 {[%emt 0:02:57]} 52. Bxe4 {[%emt 0:00:44]} Rxe4 {[%emt 0:00:28]} 53. Rg7 {[%emt 0:00:03]} Re6 {[%emt 0:02:34]} 54. Kg2 {[%emt 0:00:07]} Kc8 {[%emt 0:01:08]} 55. Kg3 {[%emt 0:01:47]} Rb7 56. Rg8+ {[%emt 0:00:08]} Kd7 {[%emt 0:00:43]} 57. Kf4 {[%emt 0:01:31]} Kc6 {[%emt 0:00:13]} 58. h5 {[%emt 0:00:04]} gxh5 {[%emt 0:01:25]} 59. Kxf5 {[%emt 0:00:02]} Re1 {[%emt 0:00:26]} 60. Rg6+ {[%emt 0:03:05]} Kd5 {[%emt 0:00:01]} 61. Rd6+ {[%emt 0:00:52]} Kc4 {[%emt 0:00:05]} 62. Rd4+ {[%emt 0:00:30]} Kb5 {[%emt 0:00:01]} 63. Rh4 {[%emt 0:00:36]} Rf7+ {[%emt 0:00:48]} 64. Kg6 {[%emt 0:00:01]} Rf3 {[%emt 0:00:18]} 65. Rxh5 {[%emt 0:00:26]} Rg1+ {[%emt 0:00:10]} 66. Kh7 {[%emt 0:00:16]} Rf7+ {[%emt 0:00:26]} 67. Kh8 {[%emt 0:00:02]} Kc4 {[%emt 0:00:21]} 68. h4 {[%emt 0:00:37]} Rd1 {[%emt 0:00:46]} 69. Kg8 {[%emt 0:00:42]} Rf4 {[%emt 0:00:49]} 70. Be3 {[%emt 0:04:39]} Rg4+ {[%emt 0:01:00]} 71. Bg5 {[%emt 0:00:02]} Rf1 {[%emt 0:00:32]} 72. b5 {[%emt 0:00:48]} Rxf2 {[%emt 0:00:52]} 73. b6 {[%emt 0:00:05]} Rf6 {[%emt 0:00:50]} 74. b7 {[%emt 0:00:32]} Rb6 {[%emt 0:00:04]} 75. Rh7 {[%emt 0:00:05]} Kb5 {[%emt 0:00:21]} 76. Rf7 {[%emt 0:01:06]} Ka6 {[%emt 0:00:18]} 77. Kg7 {[%emt 0:00:02]} Rxb7 {[%emt 0:00:09]} 78. Rxb7 {[%emt 0:00:03]} Kxb7 {[%emt 0:00:06]} 79. Kg6 {[%emt 0:00:02]} Rxh4 {[%emt 0:00:07]} 80. Bxh4 {[%emt 0:00:02]} 1/2-1/2

[Event "17th Aeroflot Open-A 2019"]
[Site "Moscow"]
[Date "2019.02.27"]
[Round "9.5"]
[White "Inarkiev, Ernesto"]
[Black "Tabatabaei, M.amin"]
[Result "1-0"]
[WhiteElo "2692"]
[BlackElo "2590"]
[Annotator "TA"]
[PlyCount "103"]
[EventDate "2019.02.19"]
[EventCountry "RUS"]
[SourceTitle "playchess.com"]
[Source "ChessBase"]
[SourceQuality "1"]

{[%evp 25,103,33,27,28,27,-22,8,12,5,13,18,27,34,-3,50,45,39,0,0,0,92,103,93,93,113,95,115,133,125,122,161,151,268,192,281,255,266,285,729,729,650,341,341,341,341,341,341,334,873,427,493,486,597,597,454,282,274,266,446,444,407,407,473,408,696,674,1694,1645,1579,1510,1340,1007,1587,1309,4622,4594,2887,2650,1932,1550]} 1. e4 c5 2. Nf3 d6 3. d4 cxd4 4. Nxd4 Nf6 5. Nc3 Nc6 6. Bg5 e6 7. Qd2 a6 8. O-O-O Bd7 9. f4 Be7 10. Nf3 b5 11. e5 b4 12. exf6 bxc3 13. Qxc3 gxf6 14. Kb1 {B68: Sicilian: Richter-Rauzer: 7...a6 8 0-0-0 Bd7 9 f4 Be7} (14. Bh4 Rg8 15. Kb1 Rb8 16. Rg1 Qb6 17. Be2 f5 18. Bxe7 Kxe7 19. b3 Rgc8 20. Qg7 Nb4 21. Ng5 Be8 22. Nxh7 {½-½ (29) Volokitin,A (2634)-Salgado Lopez,I (2624) Germany 2018}) 14... a5 15. Nd4 $146 ({Predecessor:} 15. Bh4 Rc8 16. Nd4 Ne5 17. Qg3 Ng6 18. f5 Nxh4 19. fxe6 fxe6 20. Qxh4 h5 21. Bd3 Kf7 {0-1 (40) Husek,M (2151)-Havelka,J (2320) Czech Republic 2018}) 15... Nxd4 16. Qxd4 {The position is equal.} Rb8 17. Bh4 Rb4 18. c4 Rg8 19. Rd2 h5 (19... Bc6 $11) 20. Qd3 $36 {[%mdl 2048] White has good play.} Rg4 21. g3 Bc6 22. Bg2 Qa8 (22... Bxg2 $11 {keeps the balance.} 23. Rxg2 Qc7) 23. Bxc6+ $16 Qxc6 {[%mdl 64] [#] Double Attack} 24. Rc1 f5 25. a3 Rb7 26. Bxe7 Kxe7 27. Re1 Rg6 28. Qxf5 $1 h4 (28... Qxc4 $16 {keeps fighting.} 29. Qxh5 (29. Qxa5 Qb5 $16) 29... Qc3) 29. Qd3 (29. Qxa5 hxg3 30. f5 gxh2 $18) 29... hxg3 (29... Kf8 $142 30. f5 (30. Qxd6+ Qxd6 31. Rxd6 hxg3 $16) (30. gxh4 Qc5 $18) 30... exf5) 30. hxg3 Rc7 31. f5 Rf6 $2 (31... Rh6 32. b3 Rb7 33. fxe6 Rxe6 34. Rxe6+ fxe6) 32. g4 $18 Qc5 33. Re4 Kd7 34. Qc3 exf5 35. Qxf6 {[%mdl 64] [#] Double Attack} fxe4 36. Qxf7+ {[%mdl 4096] Endgame KQR-KQR} Kd8 $2 (36... Kc6 37. Qe8+ {[%mdl 64] Double Attack} Kb7 38. Qxe4+ Qc6 39. Qxc6+ Kxc6) 37. Qe6 (37. Qf8+ $142 Kd7 38. Rd5) 37... Rc6 38. Qxe4 Kc7 39. Rg2 Qg5 40. Qf5 Qxf5+ 41. gxf5 {KR-KR} Kd7 $2 (41... Kd8 42. b3 Rc5) 42. Rg7+ Ke8 43. Ra7 Rc5 44. f6 Rxc4 (44... d5 $142 45. cxd5 Rxd5) 45. Rxa5 {White is clearly winning.} Rf4 46. Ra8+ Kf7 47. a4 Rf1+ 48. Kc2 Ra1 49. b4 {[%cal Bb2b4,Bb4b5][%mdl 32]} Kxf6 50. b5 Ra2+ 51. Kb3 Ra1 52. Kb2 {Accuracy: White = 76%, Black = 34%.} 1-0

[Event "17th Aeroflot Open-A 2019"]
[Site "Moscow"]
[Date "2019.02.27"]
[Round "9.6"]
[White "Wei, Yi"]
[Black "Yuffa, Daniil"]
[Result "1-0"]
[WhiteElo "2733"]
[BlackElo "2578"]
[Annotator "ChessBase"]
[PlyCount "75"]
[EventDate "2019.02.19"]
[EventCountry "RUS"]
[SourceTitle "playchess.com"]
[Source "ChessBase"]
[SourceQuality "1"]
[TimeControl "40/5400+30:1800+30"]

1. d4 {[%emt 0:00:00]} Nf6 {[%emt 0:03:09]} 2. c4 {[%emt 0:00:00]} e6 {[%emt 0:00:05]} 3. Nc3 {[%emt 0:02:52]} Bb4 {[%emt 0:02:47]} 4. f3 {[%emt 0:02:00]} d5 {[%emt 0:01:02]} 5. a3 {[%emt 0:00:49]} Be7 {[%emt 0:02:24]} 6. e4 {[%emt 0:00:17]} dxe4 {[%emt 0:08:34]} 7. fxe4 {[%emt 0:00:05]} e5 {[%emt 0:01:49]} 8. d5 {[%emt 0:00:06]} O-O {[%emt 0:00:45]} 9. Nf3 {[%emt 0:05:29]} Nbd7 {[%emt 0:08:51]} 10. Bd3 {[%emt 0:09:12]} Nc5 {[%emt 0:07:02]} 11. Bc2 {[%emt 0:04:31]} a5 {[%emt 0:06:56]} 12. O-O {[%emt 0:02:06]} Bg4 {[%emt 0:01:38]} 13. Be3 {[%emt 0:00:56]} Bh5 {[%emt 0:14:25]} 14. h3 {[%emt 0:04:19]} Ra6 {[%emt 0:02:48]} 15. b3 {[%emt 0:12:44]} Bg6 {[%emt 0:06:49]} 16. Nxe5 {[%emt 0:02:24]} Bxe4 {[%emt 0:03:57]} 17. Nxe4 {[%emt 0:06:13]} Ncxe4 {[%emt 0:00:18]} 18. Qf3 {[%emt 0:00:24]} Nc5 {[%emt 0:00:05]} 19. Bd4 {[%emt 0:13:22]} Ncd7 {[%emt 0:05:21]} 20. Nxd7 {[%emt 0:14:10]} Nxd7 {[%emt 0:00:05]} 21. b4 {[%emt 0:01:18]} axb4 {[%emt 0:01:19]} 22. axb4 {[%emt 0:00:07]} Bf6 {[%emt 0:04:33]} 23. Rxa6 {[%emt 0:00:35]} Bxd4+ {[%emt 0:00:47]} 24. Kh1 {[%emt 0:00:03]} bxa6 {[%emt 0:01:10]} 25. Qe4 {[%emt 0:00:02]} Re8 {[%emt 0:01:17]} 26. Qxh7+ {[%emt 0:00:30]} Kf8 {[%emt 0:00:03]} 27. Qh8+ {[%emt 0:00:06]} Ke7 {[%emt 0:00:04]} 28. Qh4+ {[%emt 0:00:02]} Bf6 {[%emt 0:01:15]} 29. Re1+ {[%emt 0:00:07]} Kd6 {[%emt 0:00:57]} 30. c5+ {[%emt 0:00:03]} Nxc5 {[%emt 0:02:55]} 31. Qf4+ {[%emt 0:00:25]} Kd7 {[%emt 0:01:44]} 32. Bf5+ {[%emt 0:00:12]} Ne6 {[%emt 0:00:13]} 33. dxe6+ {[%emt 0:00:04]} Ke7 {[%emt 0:00:05]} 34. Qg4 {[%emt 0:03:58]} Kf8 {[%emt 0:00:38]} 35. Rd1 {[%emt 0:00:09]} Qb8 {[%emt 0:01:46]} 36. exf7 {[%emt 0:04:29]} Re5 {[%emt 0:01:31]} 37. Bg6 {[%emt 0:00:15]} Rg5 {[%emt 0:02:00]} 38. Re1 {[%emt 0:00:06]} 1-0

[Event "17th Aeroflot Open-A 2019"]
[Site "Moscow"]
[Date "2019.02.27"]
[Round "9.7"]
[White "Zhou, Jianchao"]
[Black "Korobov, Anton"]
[Result "1/2-1/2"]
[WhiteElo "2615"]
[BlackElo "2687"]
[Annotator "RC"]
[PlyCount "70"]
[EventDate "2019.02.19"]
[EventCountry "RUS"]
[SourceTitle "playchess.com"]
[Source "ChessBase"]
[SourceQuality "1"]
[TimeControl "40/5400+30:1800+30"]

1. d4 {[%emt 0:03:59]} d5 {[%emt 0:00:00]} 2. c4 {[%emt 0:00:04]} c6 {[%emt 0:00:00]} 3. Nf3 {[%emt 0:00:21]} Nf6 {[%emt 0:00:00]} 4. Nc3 {[%emt 0:00:30]} e6 {[%emt 0:00:00]} 5. e3 {[%emt 0:00:09]} Nbd7 {[%emt 0:00:00]} 6. Qc2 {[%emt 0:00:22]} Bd6 {[%emt 0:00:06]} 7. Bd3 {[%emt 0:00:13]} O-O {[%emt 0:00:08]} 8. O-O {[%emt 0:00:24]} dxc4 {[%emt 0:00:04]} 9. Bxc4 {[%emt 0:00:05]} b5 {[%emt 0:00:04]} 10. Be2 {[%emt 0:00:07]} Bb7 {[%emt 0:00:41]} 11. Bd2 {[%emt 0:03:10]} Re8 {[%emt 0:03:24]} 12. Ng5 {[%emt 0:06:14]} Bf8 {[%emt 0:11:56]} 13. Bf3 {[%emt 0:21:23]} Rc8 {[%emt 0:07:56]} 14. Nce4 {[%emt 0:13:16]} h6 {[%emt 0:06:45]} 15. Nxf6+ {[%emt 0:00:28]} Nxf6 {[%emt 0:00:05]} 16. Ne4 {[%emt 0:00:12]} Nxe4 {[%emt 0:00:09]} 17. Bxe4 {[%emt 0:00:28]} a5 {[%emt 0:01:33]} 18. a3 {[%emt 0:03:25]} b4 {[%emt 0:02:17]} 19. Qa4 {[%emt 0:17:46]} Bd6 {[%emt 0:15:40]} 20. axb4 {[%emt 0:08:06]} axb4 {[%emt 0:00:02]} 21. Bxb4 {[%emt 0:07:19]} Ra8 {[%emt 0:01:21]} 22. Ba5 {[%emt 0:00:19]} Bxh2+ {[%emt 0:00:24]} 23. Kxh2 {[%emt 0:00:01]} Qh4+ {[%emt 0:00:08]} 24. Kg1 {[%emt 0:00:01]} Qxe4 {[%emt 0:00:08]} 25. Qb3 {[%emt 0:00:38]} Ba6 {[%emt 0:02:30]} 26. Rfc1 {[%emt 0:00:44]} Bb5 {[%emt 0:01:17]} 27. Qd1 {[%emt 0:02:52]} Qg6 {[%emt 0:02:50]} 28. Bc7 {[%emt 0:00:44]} h5 {[%emt 0:01:45]} 29. Bg3 {[%emt 0:03:08]} Qh7 {[%emt 0:06:44]} 30. Rxa8 {[%emt 0:02:09]} Rxa8 {[%emt 0:00:08]} 31. Ra1 {[%emt 0:00:27]} Rxa1 {[%emt 0:03:01]} 32. Qxa1 {[%emt 0:00:01]} Qe4 {[%emt 0:00:26]} 33. Qe1 {[%emt 0:03:02]} f6 {[%emt 0:01:44]} 34. f3 {[%emt 0:00:29]} Qc2 {[%emt 0:00:23]} 35. b4 {[%emt 0:01:18]} Qe2 {[%emt 0:00:59]} 1/2-1/2

[Event "17th Aeroflot Open-A 2019"]
[Site "Moscow"]
[Date "2019.02.27"]
[Round "9.8"]
[White "Maghsoodloo, Parham"]
[Black "Vaibhav, Suri"]
[Result "1/2-1/2"]
[WhiteElo "2666"]
[BlackElo "2575"]
[Annotator "ChessBase"]
[PlyCount "122"]
[EventDate "2019.02.19"]
[EventCountry "RUS"]
[SourceTitle "playchess.com"]
[Source "ChessBase"]
[SourceQuality "1"]
[TimeControl "40/5400+30:1800+30"]

1. d4 {[%emt 0:04:32]} Nf6 {[%emt 0:00:00]} 2. Nf3 {[%emt 0:00:30]} e6 {[%emt 0:00:34]} 3. Bg5 {[%emt 0:01:23]} c5 {[%emt 0:01:53]} 4. e3 {[%emt 0:00:07]} cxd4 {[%emt 0:01:20]} 5. exd4 {[%emt 0:00:09]} Be7 {[%emt 0:00:06]} 6. Bd3 {[%emt 0:03:19]} b6 {[%emt 0:00:11]} 7. O-O {[%emt 0:00:23]} Bb7 {[%emt 0:00:22]} 8. Nbd2 {[%emt 0:02:23]} O-O {[%emt 0:00:35]} 9. Re1 {[%emt 0:02:32]} Nc6 {[%emt 0:00:27]} 10. c3 {[%emt 0:00:16]} Nd5 {[%emt 0:00:09]} 11. Bxe7 {[%emt 0:01:03]} Ncxe7 {[%emt 0:00:21]} 12. Bf1 {[%emt 0:04:52]} Nf6 {[%emt 0:05:35]} 13. a4 {[%emt 0:09:18]} a6 {[%emt 0:00:54]} 14. Qb3 {[%emt 0:03:00]} Rb8 {[%emt 0:08:21]} 15. Qa3 {[%emt 0:23:11]} d6 {[%emt 0:15:03]} 16. Ng5 {[%emt 0:01:22]} Qc7 {[%emt 0:05:32]} 17. f3 {[%emt 0:02:21]} Rfd8 {[%emt 0:00:41]} 18. Nge4 {[%emt 0:01:08]} Ne8 {[%emt 0:11:23]} 19. Nf2 {[%emt 0:09:13]} e5 {[%emt 0:03:24]} 20. a5 b5 21. dxe5 {[%emt 0:01:17]} dxe5 {[%emt 0:00:32]} 22. Nb3 {[%emt 0:00:19]} Rbc8 {[%emt 0:11:30]} 23. Nd3 {[%emt 0:02:23]} Rd5 {[%emt 0:01:09]} 24. Rac1 {[%emt 0:05:55]} e4 {[%emt 0:17:37]} 25. fxe4 {[%emt 0:02:49]} Rh5 {[%emt 0:00:24]} 26. e5 {[%emt 0:01:00]} Ng6 {[%emt 0:02:06]} 27. Qc5 {[%emt 0:02:26]} Qb8 {[%emt 0:00:17]} 28. Qb6 {[%emt 0:02:52]} Rc6 {[%emt 0:01:48]} 29. Qe3 {[%emt 0:00:43]} f6 {[%emt 0:08:50]} 30. Nd4 {[%emt 0:03:47]} Rc8 {[%emt 0:00:04]} 31. Be2 {[%emt 0:02:46]} Rg5 {[%emt 0:00:13]} 32. Nf3 {[%emt 0:00:11]} Bxf3 {[%emt 0:01:40]} 33. Bxf3 {[%emt 0:00:02]} Nxe5 {[%emt 0:00:09]} 34. Nxe5 {[%emt 0:03:44]} Rxe5 {[%emt 0:00:12]} 35. Qf2 {[%emt 0:00:40]} b4 {[%emt 0:03:35]} 36. Rxe5 {[%emt 0:04:02]} Qxe5 {[%emt 0:00:01]} 37. Bg4 {[%emt 0:00:00]} Rb8 {[%emt 0:00:09]} 38. cxb4 {[%emt 0:00:09]} Rxb4 {[%emt 0:00:12]} 39. Re1 {[%emt 0:01:33]} Re4 {[%emt 0:01:22]} 40. Rxe4 {[%emt 0:00:00]} Qxe4 {[%emt 0:00:00]} 41. h3 {[%emt 0:02:03]} Nc7 {[%emt 0:11:46]} 42. Qd2 {[%emt 0:02:29]} Qe5 {[%emt 0:02:03]} 43. Be2 {[%emt 0:02:15]} h5 {[%emt 0:02:43]} 44. Kf1 {[%emt 0:10:06]} Kh7 {[%emt 0:03:40]} 45. Ke1 {[%emt 0:00:37]} g5 {[%emt 0:08:55]} 46. Kd1 {[%emt 0:05:52]} Kg6 {[%emt 0:00:49]} 47. Qc2+ {[%emt 0:03:11]} Kh6 {[%emt 0:01:01]} 48. Bxh5 {[%emt 0:05:29]} f5 {[%emt 0:00:01]} 49. Be2 {[%emt 0:01:00]} Qxa5 {[%emt 0:00:37]} 50. Qc6+ {[%emt 0:00:01]} Kg7 {[%emt 0:00:09]} 51. Qd7+ {[%emt 0:00:03]} Kf6 {[%emt 0:02:57]} 52. Qd8+ {[%emt 0:03:12]} Ke5 {[%emt 0:01:13]} 53. Qxg5 {[%emt 0:00:29]} Nd5 {[%emt 0:00:24]} 54. Qg7+ {[%emt 0:00:42]} Ke4 {[%emt 0:00:05]} 55. Qb7 {[%emt 0:00:54]} Kd4 {[%emt 0:01:48]} 56. Qa7+ {[%emt 0:00:23]} Ke4 {[%emt 0:00:35]} 57. Bf3+ {[%emt 0:01:11]} Kd3 {[%emt 0:00:15]} 58. Be2+ {[%emt 0:00:04]} Ke4 {[%emt 0:00:01]} 59. Qb7 {[%emt 0:00:22]} Kd4 {[%emt 0:00:16]} 60. Qg7+ {[%emt 0:00:24]} Ke4 {[%emt 0:00:07]} 61. Qb7 {[%emt 0:01:00]} Ke5 1/2-1/2